| 000 | 00393nam a2200145Ia 4500 | ||
|---|---|---|---|
| 008 | 230917s9999||||xx |||||||||||||| ||und|| | ||
| 040 |
_e88414 _aMAIN |
||
| 041 | _aEnglish | ||
| 082 | _a301.412 R186A | ||
| 100 | _aRashtriya Mahila Aayog | ||
| 245 | 0 | _aAnusuchit janjati ki mahilaon mein shiksha ka vikas | |
| 260 |
_aNew Delhi _bRashtriya Mahila Ayog _c1998 |
||
| 300 | _a87 p. | ||
| 942 | _cBK | ||
| 999 |
_c81675 _d81675 |
||